000 00948nam a2200457Ia 4500
001 185
003 378
005 20240712154303.0
008 ||||||n9999 ||| || ||
020 _a9684222386
041 _aspa
082 _219
_a001.43
100 _aFlast, Laurent
_9366
245 0 _aProgramacion de macros en lotus 1-2-3-
260 _aMéxico :
_bMCGRA,
_c1987.
300 _a156p
562 _e1
650 _aLOTUS 1-2-3
_9458
650 0 _aPROGRAMAS DE COMPUTADORA
_9211
942 _cBKM
999 _c185
_d185
526 _a17598
526 _a102617
526 _a102618
526 _a15794
526 _a102619
526 _a102620
526 _a10406
526 _a105630
526 _a1698
526 _a116204
526 _a4969
526 _a19790
526 _a104436
526 _a5144
526 _a51868
526 _a3899
526 _a9683
526 _a
526 _a1703
526 _a1697